LEADER 01129cam0 22002651 450 001 SOBE00045675 005 20150121143627.0 100 $a20150121d2014 |||||ita|0103 ba 101 $aita 102 $aIT 105 $a S 200 1 $a<>Dèlfico in due secoli di storia: documenti, immagini, opere d'arte$emostra storica e documentaria$eTeramo, Biblioteca Dèlfico, 4 dicembre 2014-31 gennaio 2015 210 $aTeramo$cProvincia di Teramo$aBiblioteca provinciale Melchiorre Dèlfico$d2014 215 $a81 p.$cill.$d22x24 cm 300 $aNel frontespizio: Bicentenario 1814-2014 Biblioteca provinciale Melchiorre Dèlfico 710 02$a*Biblioteca *provinciale $3SOBA00010718$4070$091834 801 0$aIT$bUNISOB$c20150121$gRICA 850 $aUNISOB 852 $aUNISOB$j010$m165358 912 $aSOBE00045675 940 $aM 102 Monografia moderna SBN 941 $aM 957 $a010$b000762$gSI$d165358$n20150108$rdono$tV$1menle$2UNISOB$3UNISOB$420150121143633.0$520150121143747.0$6menle 996 $aDèlfico in due secoli di storia: documenti, immagini, opere d'arte$91710789 997 $aUNISOB